000 01856cam a22003134a 4500
999 _c57309
_d57309
001 15289862
005 20200220121935.0
008 080506s2009 maua b 001 0 eng
010 _a 2008020401
020 _a9780073525648 (hbk. : alk. paper)
020 _a0073525642 (hbk. : alk. paper)
040 _aDLC
_cDLC
_dDLC
050 0 0 _aQP34.5
_b.F68 2009
080 _a612 F-83
082 0 0 _a612
_222
100 1 _aFox, Stuart Ira.
_97231
245 1 0 _aHuman physiology /
_cStuart Ira Fox.
250 _a11th ed.
260 _aBoston :
_bMcGraw-Hill Higher Education,
_cc2009.
300 _axxiii, 808 p. :
_bill. (chiefly col.) ;
_c29 cm.
504 _aIncludes bibliographical references (p. 771) and index.
505 0 _aThe study of body function -- Chemical composition of the body -- Cell structure and genetic control -- Enzymes and energy -- Cell respiration and metabolism -- Interactions between cells and the extracellular environment -- The nervous system : neurons and synapses -- The central nervous system -- The autonomic nervous system -- Sensory physiology -- Endocrine glands : secretion and action of hormones -- Muscle : mechanisms of contraction and neural control -- Blood, heart, and circulation -- Cardiac output, blood flow, andb lood pressure -- The immune system -- Respiratory physiology -- Physiology of the kidneys -- The digestive system -- Regulation of metabolism -- Reproduction.
650 0 _aHuman physiology
_vTextbooks.
_97232
653 _aადამიანის ფსიქოლოგია
856 4 1 _3Table of contents only
_uhttp://www.loc.gov/catdir/toc/ecip0818/2008020401.html
906 _a7
_bcbc
_corignew
_d1
_eecip
_f20
_gy-gencatlg
942 _2udc
_cBK
955 _ajc02 2008-05-06
_ijc02 2008-05-06
_aaa27 2008-05-06
_axe11 2008-12-15 bk rec'd, to CIP ver.
_axh00 2008-12-16 to USPL/STM